01429nam a2200301 i 4500001001000000003000900010005001700019007000300036008004100039020001800080040003000098082002700128100004500155240012600200245016700326264006400493300007700557336002700634337003300661338002800694490005500722500003400777500009200811500007100903504004000974650005501014650005801069000042157DO-SdBNP20250204075441.0ta131118s2013 dr bc 001 0 spa d a9789945887792 aDO-SdBNPbspacBNPHUerda 4a338.4763361bG216d2221 aGarcía Muñiz, Humberto,eautor4aut.10aSugar and power in the Caribbean: the South Porto Rico Sugar company in Puerto Rico and the Dominican Republic, 1900-192110aDe la central Guánica al Central Romana :bla south Porto Rico sugar company en Puerto Rico y la República Dominicana, 1900-1921 /cHumberto García Muñiz. 1aSanto Domingo :bAcademia Dominicana de la Historia,c2013. a598 páginas :bil.}ustraciones, gráficos, retratos, tablas ;c23 cm. 2rdacontentatextobtxt 2rdamediaasin mediaciónbn 2rdacarrieravolumenbnc aColección Academia Dominicana de la Historiav78 aIncluye índice onomástico aIncluye índice de tablas, gráficos, mapas, fotografías, imágenes y apéndices. aIncluye datos biográficos del autor en la solapa de la cubierta. aBibliografía : páginas 539-569. 4aCaña de azucarzRepública DominicanaxHistoria 4aIndustria azucarerazRepública DominicanaxHistoria